Normal view MARC view
  • Malik Monika & Grover J K

Entry Personal Name

Number of records used in: 1

001 - CONTROL NUMBER

  • control field: 177282

003 - CONTROL NUMBER IDENTIFIER

  • control field: OSt

005 - DATE AND TIME OF LATEST TRANSACTION

  • control field: 20230314152158.0

008 - FIXED-LENGTH DATA ELEMENTS

  • fixed length control field: 230314|| aca||aabn | a|a d

040 ## - CATALOGING SOURCE

  • Original cataloging agency: OSt
  • Transcribing agency: OSt

100 ## - HEADING--PERSONAL NAME

  • Personal name: Malik Monika & Grover J K

670 ## - SOURCE DATA FOUND

  • Source citation: Work cat.: (OSt)137263: Malik Monika & Grover J K, Text Book of Pharmacology for Nurses, 2002